00930nam a2200241 a 450000100100000000500170001000800410002704000250006804100390009308200190013210000270015124000370017824501210021530000280033649000530036453400610041765000360047870000320051470000240054670000410057083000600061199900170067100002080920200930011153.0100817s1968 mx a 001 0 spa d aDO-SdBNPbspacBPJMB17aspaheng2Código de idiomas MARC a621.381bR795p1 aRose, Robert M.94362310aElectronic propertieslEspañol10aPropiedades electrónicas /cRobert M Rose, Lawrence A. Shepard y John Wulff ; traducción Carlos Ribbeck Fantini. a316 p. :bil. ;c23 cm.1 aIntroducción a la Ciencia de Materiales,vv. 4 aTítulo de la obra en inglés :tElectronic properties 4aElectrónica industrial9436241 aShepard, Lawrence A.9436251 aWulff, John.9436261 aRibbeck Fantini, Carlos,etr.943627 0aIntroducción a la Ciencia de Materiales,vv. 4943628 c20313d20313